000 00593nam a2200229Ia 4500
003 OSt
005 20220926013934.0
006 a|||||r|||| 00| 0
007 ta
008 220923b |||||||| |||| 00| 0 eng d
037 _cGeneral Book
040 _aRTL
_cRTL
_beng
041 _2eng
_aeng
082 _aX:8F, J6;L0
245 0 _aAccounts handbook By Rufus Wixon and others
250 _a5ed
260 _aNew York
_bJohn Wiley USA
_c1970
500 _aVarious pagination
650 _aBudgeting
942 _hX:8F, J6;L0
_cGB
_2CC
999 _c627212
_d627212